Catty the caterpillar

Bibliographic Details
Main Author: Xavier, Matilda
Corporate Authors: Series, Title
Format: Book
Published: Selangor : Penapro , 2005
Series:The sunshine science series
Subjects:

MARC

LEADER 00000cam a2200000 7i4500
001 0000001945
005 20220105103930.0
008 070710
020 |a 9839496905(set) 
020 |a 9839496913 
090 0 0 |a JP   |b SC ENG (2259) 
100 1 |a Xavier, Matilda 
245 1 0 |a Catty the caterpillar   |c Matilda Xavier 
260 |a Selangor :   |b Penapro ,   |c 2005 
440 4 |a The sunshine science series 
500 |a Children age 4-6 years old (yellow) 
650 0 |a Children's stories, English 
650 0 |a Science fiction, English 
710 0 |a Series 
710 0 |a Title 
999 |a 0000963891   |b Book   |c Children Collection   |e Perbadanan Perpustakaan Awam Johor 
999 |a 0000963892   |b Book   |c Children Collection   |e Perbadanan Perpustakaan Awam Johor 
999 |a 0000974600   |b Book   |c Adult Collection   |e Cawangan Pontian 
999 |a 0000974602   |b Book   |c Children Collection   |e Cawangan Pontian 
999 |a 0000974603   |b Book   |c Children Collection   |e Perbadanan Perpustakaan Awam Johor